Konference "Racionalizace lesníckych staveb 1983."

Bibliographic Details
Main Author: Herynek, Jaroslav (Author)
Format: Article
Language:Slovak
Czech
Subjects:

MARC

LEADER 00000nab a2200000 a 4500
001 vtls000198961
003 SK-MaSNL
005 20260304071729.0
008 250422c1984 xo 0 slo
015 |a SNBRB19rr/mm-uuuuu 
035 |a CL0209074 
035 |a urn:nbn:sk:snk-ab5b3 
035 |a (urnnbn)urn:nbn:sk:snk:ar-0058om 
035 |a (uuid)50dd1f93-d1ac-4c7d-9e5f-069150035786 
040 |a SNKBUCL  |b slo  |c SNKBUCL  |e AACR2 
041 0 |a cze 
044 |a xo  |c SK 
080 |a 630 38:061.3  |2 1981 
080 |a 061.3  |2 1981 
100 1 |a Herynek, Jaroslav  |4 aut  |9 785990 
245 1 0 |a Konference "Racionalizace lesníckych staveb 1983."  |c Jaroslav Herynek 
650 0 7 |a lesné stavby  |2 snkbucl  |9 179830 
655 7 |a články z novín a časopisov  |2 snkbucl  |9 267496 
773 0 |t Lesnícky časopis  |g Roč. 30, č. 5 (1984), s. 442-444 
850 |a Slovenská národná knižnica 
852 |a Slovenská národná knižnica 
954 |a odborná, vedecká literatúra cudzojazyčná (svetová)  |2 lita 
957 |a 3702 
958 |a article2022 
958 |a OND 
958 |a RK 
958 |a CZ 
958 |a EUIPO 
992 |a RBX 
999 |c 2761797  |d 2763727